Statistics for Drive By - Train. Lyrics

Click here to take the quiz!

General Stats

  • This quiz has been taken 1,672 times
  • The average score is 25 of 50

Answer Stats

HintAnswer% Correct
Stood a girl that ______ ____ ___.looked like you
95%
On the other side of a ______ I knewstreet
95%
But I thought this can't __ ____.be true
93%
Or where ever just to get ____ ____ __.away from me
90%
I guess thats ____ __,deja vu
87%
This is not a ____ __.drive by
87%
Cos you moved to ____ _._ or New York of Santa Fewest LA
86%
Oh but that ___ ____,one night
83%
Oh I _____ __ ___, I'll be there for you,swear to you
77%
Was more that ____ _____.just right
76%
And frankly ______ __ ____.scared as hell
75%
Because I really ____ ___ ___.fell for you.
74%
Oh I swear to you, _'__ __ ____ ___ ___.i'll be there for you
74%
When you move me, everything is ______.groovy
73%
____ __ ___ _ _____ __.this is not a drive by
70%
Oh I was ___________,overwhelmed
69%
Just a ___ ___,shy guy
66%
Love the way you __ __!do me
63%
Hefty bag to hold my ____.love
55%
My love for you ____ _____,went viral
55%
They don't like it, ___ __sue me
54%
Looking for a ___ ___,two ply
53%
So, let's skip the "___ ___ ____"how you been
49%
This __ ___ _ drive by.is not a
46%
On the other side of a ________ ______downward spiral
45%
Oh, _ _____ __ ___, I'll be there for you!I swear to you
45%
And, get back to "____ ____ _______" at lastmore than friends
45%
When you ____ __, everything is groovymove me
41%
This is ___ _ drive by.not a
41%
I didn't _____ ___ cause I was all through.leave you
38%
Just _ ___ guy, Looking for a two ply.a shy
37%
Oh, ___ ____ ___ _____,but that one night
37%
And I loved you _____ ____ ___ _____ away.every mile you drove
35%
But now you're ____ _____,here again
35%
__, I swear to you, I'll be there for you.Oh
35%
_____ ___ to hold my love.hefty bag
32%
____ ___'_ ____ __, sue me,They don't like it
31%
Please _______,believe
27%
Is _____ ___ _________.still the highlight
26%
Stood a ____ ____ ______ like yougirl that looked
25%
That when _ _____.I leave
22%
Oh, ___ ___ ___ __ methe way you
22%
At ___ _____ side of a street I knew,the other
21%
I _____ ____'_ deja vu,guess thats
19%
But, _ ______ this can't be true.I thought
18%
But ____ ___ ___.love for you
14%
There's _______ __ __ _____,nothing up my sleeve
14%
I didn't need you, until ___ ____ ______.you came through
14%
To get my ____ ________ ___.head together too
13%
And a ______ ____,little time
13%

Score Distribution

Percentile by Number Answered

Percent of People with Each Score

Your Score History

You have not taken this quiz